Фразеологический словарь русского языка

Bibliographic Details
Main Author: Розенталь Д. Э. Дитмар Эльяшевич
Other Authors: Краснянский В. В. Вадим Владимирович
Summary:«Фразеологический словарь» содержит фразеологизмы, широко используемые в современном русском языке и встречающиеся в произведениях художественной литературы, в периодической печати, в разговорной речи. В словаре раскрываются значения фразеологизмов, приводятся стилистические характеристики, исторические и этимологические справки. Словарь предназначен для учащихся старших классов, студентов и преподавателей, а также для широкого круга читателей.
Language:Russian
Published: Москва, Мир и Образование, 2008
Subjects:
Format: MixedMaterials Book
KOHA link:https://koha.lib.tpu.ru/cgi-bin/koha/opac-detail.pl?biblionumber=161532

MARC

LEADER 00000nam0a2200000 4500
001 161532
005 20231101222248.0
010 |a 9785488020337 
010 |a 978-5-94666-508-7 
035 |a (RuTPU)RU\TPU\book\175157 
090 |a 161532 
100 |a 20090609d2008 km y0rusy50 ca 
101 0 |a rus 
102 |a RU 
105 |a y e 001zy 
200 1 |a Фразеологический словарь русского языка  |f Д. Э. Розенталь, В. В. Краснянский 
210 |a Москва  |c Мир и Образование  |c Оникс  |d 2008 
215 |a 416 с. 
320 |a Алфавитный перечень слов: с. 390-416 
330 |a «Фразеологический словарь» содержит фразеологизмы, широко используемые в современном русском языке и встречающиеся в произведениях художественной литературы, в периодической печати, в разговорной речи. В словаре раскрываются значения фразеологизмов, приводятся стилистические характеристики, исторические и этимологические справки. Словарь предназначен для учащихся старших классов, студентов и преподавателей, а также для широкого круга читателей. 
606 1 |a Русский язык  |x Словари  |2 stltpush  |3 (RuTPU)RU\TPU\subj\67926  |9 83518 
606 1 |a Русский язык  |x Фразеология  |2 stltpush  |3 (RuTPU)RU\TPU\subj\26401  |9 50341 
610 1 |a лексика 
610 1 |a лексикология 
610 1 |a фразеологизмы 
610 1 |a словари 
686 |a Ш141.2-4  |v LBC/SL-A  |2 rubbk 
686 |a Ш141.2-3  |v LBC/SL-A  |2 rubbk 
700 1 |a Розенталь  |b Д. Э.  |g Дитмар Эльяшевич 
701 1 |a Краснянский  |b В. В.  |g Вадим Владимирович 
801 1 |a RU  |b 63413507  |c 20090609  |g PSBO 
801 2 |a RU  |b 63413507  |c 20120711  |g RCR 
942 |c BK 
959 |a 66/20090608  |d 1  |e 126,94  |f ЧЗСБО:1